Basic English grammar : punctuations
| Main Author: | |
|---|---|
| Format: | Book |
| Published: |
Subang Jaya :
Pelanduk Publications (M) Sdn.Bhd. ,
1999
|
| Series: | Building Basic English Language Skills
|
| Subjects: |
MARC
| LEADER | 00000cam a2200000 7i4500 | ||
|---|---|---|---|
| 001 | 0000063086 | ||
| 005 | 20030226.0 | ||
| 020 | |a 9679786641 | ||
| 090 | 0 | 0 | |a 428.2 |b NAN |
| 100 | 0 | |a Nandy, Milon | |
| 245 | 0 | 0 | |a Basic English grammar : |b punctuations |c Milon Nandy |
| 260 | |a Subang Jaya : |b Pelanduk Publications (M) Sdn.Bhd. , |c 1999 | ||
| 300 | |a 28p. : |b ill. ; |c 25cm. | ||
| 490 | 0 | |a Building Basic English Language Skills | |
| 650 | 0 | 0 | |a English language |x Study and teaching |
| 999 | |a 00074618 |b BUKU |c JUNIOR BOOKS |e PERPUSTAKAAN KOMUNITI CAW KOTA DAMANSARA | ||